01228cam a22003135a 4500001001000000003000400010005001700014008004100031020001800072040003600090082002200126245012100148250001200269260006100281300003600342500002400378504003100402650005000433650005200483650004600535650004200581651001000623653002500633700003900658776003300697942000800730999001700738952015900755017531299OSt20161115111616.0150629t2016 maua frb 001 0 eng d a9780128012215 aStDuBDSbengcStDuBDSdEG-ScBUE04a345.0268222bINT00aIntroduction to the theories and varieties of modern crime in financial markets /cedited by Marius-Cristian Frunza. a1st ed. aWaltham ;aOxford :bAcademic Press / Elsevier,cc.2016. axxxix, 231 p. :bill. ;c24 cm. aIndex : p. 227-231. aBibliography : p. 223-226. 7aData mining in law enforcement.2BUEsh940924 7aCriminal investigationxData processing.2BUEsh 7aCrime preventionxData processing.2BUEsh 7aCommercial crimesxPrevention.2BUEsh 2BUEsh bBUSECOcNovember20161 aFrunza, Marius-Christian.eeditor.08iebook versionz9780128013496 2ddc c23135d23107 00102ddc40708BaccahaMAINbMAINc1STd2016-11-15ePurchaseg950.00h25140l1m7o345.0268 INTp000034780r2025-07-15 00:00:00s2022-11-08v1187.50yBB